| 000 | 00604nam a2200241 a 4500 | ||
|---|---|---|---|
| 005 | 20210219153316.0 | ||
| 008 | 991125n 000 0 eng u | ||
| 035 | _aUPN01000090703 | ||
| 100 | _aAssis, A. K. T. | ||
| 222 | _aPHYSICS TEACHER | ||
| 245 | _aOn the velocity in the Lorents Force Law | ||
| 300 | _a480-483 | ||
| 362 | _a1992 30/8 | ||
| 505 | _aJulio | ||
| 653 | 0 | _aCONCEPTOS CIENTIFICOS | |
| 653 | 0 | _aFISICA | |
| 653 | 0 | _aFORMACION CONCEPTUAL | |
| 653 | 0 | _aHISTORIA DE LA CIENCIA | |
| 653 | 0 | _aIMANES | |
| 700 | _aPeixoto, F. M. | ||
| 904 |
_aAC _b028514 |
||
| 905 | _aArticulo | ||
| 999 |
_c73709 _d73709 |
||